Szczegóły MARC21

Ausgerechnet Deutschland : geschichten unserer neuen nachbarn /

001 -Numer kontrolny rekordu [,]
    • @
    • pole kontrolne
    • xx005382089
003 -Nazwa instytucji [,]
    • @
    • pole kontrolne
    • NUKAT
005 -Data i czas ostatniej zmiany [,]
    • @
    • Data ostatniej zmiany
    • 20241231100845.0
007 -Forma fizyczna dokumentu dźwiękowego [,]
    • @
    • Forma fizyczna dokumentu dźwiękowego
    • sd csngnn|||ed
008 -Pole stałej długości [,]
    • @
    • pole
    • 220713s2018 gw nnnng f n ger c
020 -Międzynarodowy znormalizowany numer książki - ISBN [ , ]
    • a
    • Numer ISBN
    • 9783837140842 Find
035 -Inne numery kontrolne [ , ]
    • a
    • Numer kontrolny
    • (OCoLC)1338045693
040 -Instytucja sporządzająca opis [ , ]
    • c
    • Instytucja, która sporządziła rekord (NP)
    • SZCZ U/MC
920 -ISBN [ , ]
    • a
    • ISBN
    • 978-3-8371-4084-2 Find
942 -Rodzaj dokumentu [ , ]
    • c
    • Rodzaj dokumentu
    • Dokument Dźwiękowy - płyta
100 -Hasło główne - nazwa osobowa [1, ]
    • a
    • Nazwa osobowa (NP)
    • Kaminer, Vladimir
    • d
    • Daty biograficzne (NP)
    • (1967- ).
    • e
    • RRodzaj współpracy
    • Autor
    • e
    • RRodzaj współpracy
    • Wykonanie
245 -Strefa tytułu i oznaczenia odpowiedzialności [1,0]
    • a
    • Tytuł
    • Ausgerechnet Deutschland :
    • b
    • Ciąg dalszy tytułu (NP)
    • geschichten unserer neuen nachbarn /
    • c
    • Pozostałe elementy strefy tytułu i oznaczenia odpowiedzialności (NP)
    • Wladimir Kaminer ; gelesen vom autor.
260 -Strefa adresu wydawniczego [ , ]
    • a
    • Miejsce wydania (P)
    • München :
    • b
    • Nazwa wydawcy (P)
    • Random House Audio,
    • c
    • Data wydania (P)
    • 2018.
300 -Strefa opisu fizycznego [ , ]
    • a
    • Określenie formy książki i/lub objętość (NP)
    • 2 płyty CD (2 Std. 19 min.) :
    • b
    • Inne szczegóły opisu fizycznego (NP)
    • digital, stereo ;
    • c
    • Format (NP)
    • 13x14 cm.
306 -Czas nagrania [ , ]
    • a
    • Czas nagrania
    • 01390
336 -Typ zawartości [ , ]
    • a
    • Termin określający typ nośnika
    • Słowo mówione
    • b
    • Kod określający zawartość
    • spw
    • 2
    • Źródło (termin i kod)
    • rdacontent
337 -Typ mediów [ , ]
    • a
    • Tryb odtwarzania
    • Audio
    • b
    • Kod typu nośnika
    • s
    • 2
    • Źródło (termin i kod)
    • rdamedia
338 -Typ/rodzaj nośnika [ , ]
    • a
    • Hasło opisujące typ nośnika
    • Płyta audio
    • b
    • Kod typu nośnika
    • sd
    • 2
    • Źródło (termin i kod)
    • rdacarrier
500 -Uwaga ogólna [ , ]
    • a
    • Uwaga ogólna (NP)
    • Płyty CD w składanym tekturowym pudełku.
508 -Uwaga dot. twórców i producentów [ , ]
    • a
    • Uwaga dot. twórców/producentów
    • Regie: Wolf D. Fruck.
655 -Hasło przedmiotowe - forma [ ,7]
    • a
    • Określenie rzeczowe
    • Książki mówione
    • z
    • Określnik geograficzny
    • Niemcy
    • y
    • Określnik chronologiczny
    • 1990-.
700 -Hasło dodatkowe - nazwa osobowa [1, ]
    • a
    • Nazwa osobowa (NP)
    • Fruck, Wolf-Dietrich.
    • e
    • Określenie rodzaju współpracy (NP)
    • Reżyseria nagrania
710 -Hasło dodatkowe - nazwa ciała zbiorowego [2, ]
    • a
    • Nazwa ciała zbiorowego lub nazwa geograficzna jako pierwszy element (NP)
    • Penguin Random House Audio Publishing.
    • e
    • Rodzaj współpracy
    • Wydawca
    • 9
    • KHW
    • 641383
Data wprowadzenia opisu Akcesja Kierowanie Sposób nabycia Numer inwentarzowy Status udostępniania Sygnatura Cena Data inwentaryzacji Kod kreskowy
2022-02-0322d095/2BMdAd.2946-3Germ. Audiobooki 2210.002022-08-112005020029466